Entry Nombre personal
001 - NÚMERO DE CONTROL
- campo de control: 157683
003 - IDENTIFICADOR DE NÚMERO DE CONTROL
- campo de control: SpMaBN
005 - FECHA Y HORA DE LA ÚLTIMA TRANSACCIÓN
- campo de control: 20231226151431.0
008 - ELEMENTOS DE DATO DE LONGITUD-FIJA
- campo de control de longitud fija: 920725nn aijnnaabn a aaa
016 ## - NÚMERO DE CONTROL DE UNA AGENCIA BIBLIOGRÁFICA NACIONAL
- Número de control del registro: BNE19995802656
024 7# - IDENTIFICADOR DE OTROS ESTÁNDARES
- Número estándar o código: http://viaf.org/viaf/63369909/
- Fuente: viaf
024 7# - IDENTIFICADOR DE OTROS ESTÁNDARES
- Número estándar o código: https://isni.org/isni/0000000059388100
- Fuente: isni
024 7# - IDENTIFICADOR DE OTROS ESTÁNDARES
- Número estándar o código: http://www.wikidata.org/entity/Q6014613
- Fuente: wikidata
040 ## - FUENTE DE CATALOGACIÓN
- Centro catalogador/agencia de origen: SpMaBN
- Lengua de catalogación: spa
- Centro/agencia transcriptor: SpMaBN
- Normas de descripción: rdc
- Convención/Normas de encabezamiento de materia/tesauro: embne
046 ## - FECHAS CON CODIFICACIÓN ESPECIAL
- Fecha de nacimiento: 1821
- Fecha de la muerte: 1876
100 1# - ENCABEZAMIENTO-NOMBRE DE PERSONA
- Nombre de persona: Lobo, Miguel,
- Fechas asociadas al nombre: 1821-1876
370 ## - LUGAR ASOCIADO
- Lugar de nacimiento: San Fernando
- Número de control del registro de autoridad o número normalizado: XX453195
- Fuente de información: Wikidata
373 ## - GRUPO ASOCIADO
- Grupo asociado: Ateneo de Madrid
- Fuente de información: Ateneístas ilustres II (2007)
374 ## - OCUPACIÓN
- Ocupación: Marineros
- Fuente de información: Wikidata
375 ## - GÉNERO/SEXO
- Género: Masculino
- Fuente de información: Wikidata
377 ## - IDIOMA ASOCIADO
- Término de lengua/lenguaje: Español
400 1# - TRAZADO DE VÉASE--NOMBRE DE PERSONA
- Nombre de persona: Lobo y Malagamba, Miguel,
- Fechas asociadas al nombre: 1821-1876
670 ## - FUENTE DE DATOS ENCONTRADOS
- Cita de la fuente: Galería de retratos, 2004
- Información encontrada: p. 154 (Miguel Lobo y Malagamba; n. en S. Fernando (Cádiz) en 1818; m. en París, 1890; marino de guerra)
670 ## - FUENTE DE DATOS ENCONTRADOS
- Cita de la fuente: WWW LC auth. file, 18-04-2006
- Información encontrada: (Lobo, Miguel; n. 1821, m. 1876)
670 ## - FUENTE DE DATOS ENCONTRADOS
- Cita de la fuente: WWW Museo Naval, 18-04-2006
- Información encontrada: (Lobo Malagamba, Miguel; n. 1821, m. 1876; contralmirante de la Armada)
670 ## - FUENTE DE DATOS ENCONTRADOS
- Cita de la fuente: WWW BN España aut., 21/06/2023
- Información encontrada: (Lobo, Miguel, 1821-1876)
678 ## - DATOS BIOGRÁFICOS O HISTÓRICOS
- Datos biográficos o históricos: Socio del Ateneo de Madrid
- Ampliación de la nota: Fuente: Ateneístas ilustres II (2007)
